History and business directory of Madison County, Iowa. (Record no. 52381)
[ view plain ]
| 000 -LEADER | |
|---|---|
| fixed length control field | 01103cam a22002771 4500 |
| 001 - CONTROL NUMBER | |
| control field | rc 01002721 |
| 003 - CONTROL NUMBER IDENTIFIER | |
| control field | DLC |
| 005 - DATE AND TIME OF LATEST TRANSACTION | |
| control field | 20260227111907.0 |
| 007 - PHYSICAL DESCRIPTION FIXED FIELD--GENERAL INFORMATION | |
| fixed length control field | cr_||||||||||| |
| 008 - FIXED-LENGTH DATA ELEMENTS--GENERAL INFORMATION | |
| fixed length control field | 790828s1869 iaua 000 0 eng |
| 010 ## - LIBRARY OF CONGRESS CONTROL NUMBER | |
| LC control number | rc 01002721 |
| 035 ## - SYSTEM CONTROL NUMBER | |
| System control number | (OCoLC)5316686 |
| 040 ## - CATALOGING SOURCE | |
| Original cataloging agency | DLC |
| Transcribing agency | IaDmD |
| Modifying agency | DLC |
| 042 ## - AUTHENTICATION CODE | |
| Authentication code | premarc |
| 043 ## - GEOGRAPHIC AREA CODE | |
| Geographic area code | n-us-ia |
| 050 00 - LIBRARY OF CONGRESS CALL NUMBER | |
| Classification number | F627.M18 |
| Item number | D2 |
| 100 1# - MAIN ENTRY--PERSONAL NAME | |
| Personal name | Davies, J. J. |
| 245 00 - TITLE STATEMENT | |
| Title | History and business directory of Madison County, Iowa. |
| Remainder of title | Containing a complete history of the county; together with a description of its natural resources, and sketches of its public buildings, schools, churches, prominent citizens, &c. ... |
| Statement of responsibility, etc. | By J. J. Davies. |
| 260 ## - PUBLICATION, DISTRIBUTION, ETC. | |
| Place of publication, distribution, etc. | Des Moines, |
| Name of publisher, distributor, etc. | Mills & Co., |
| Date of publication, distribution, etc. | 1869. |
| 300 ## - PHYSICAL DESCRIPTION | |
| Extent | 254 p. incl. front. |
| Dimensions | 24 cm. |
| 500 ## - GENERAL NOTE | |
| General note | Advertising matter alternates with text, page for page, from 1 to 195. |
| 530 ## - ADDITIONAL PHYSICAL FORM AVAILABLE NOTE | |
| Additional physical form available note | Also available in digital form on the Internet Archive Web site. |
| 651 #0 - SUBJECT ADDED ENTRY--GEOGRAPHIC NAME | |
| Geographic name | Madison County (Iowa) |
| General subdivision | History. |
| 651 #0 - SUBJECT ADDED ENTRY--GEOGRAPHIC NAME | |
| Geographic name | Madison County (Iowa) |
| Form subdivision | Directories. |
| 856 41 - ELECTRONIC LOCATION AND ACCESS | |
| Uniform Resource Identifier | <a href="http://hdl.loc.gov/loc.gdc/scd0001.00160866688">http://hdl.loc.gov/loc.gdc/scd0001.00160866688</a> |
No items available.